000 00576nam a2200181 i 4500
001 42127
003 ES-MaACL
005 20230906160543.0
007 t|
008 030312s1967 sp ||||1| spa d
100 1 _aCastello, P.
_936557
245 1 0 _aClave de esquemas eléctricos... /
_cP. Castello ; prefacio de P. Naslin ; traducción de Juan Antonio de Miguel.
260 _aMadrid :
_bParaninfo,
_c1967.
300 _a243 p. :
_bil. ;
_c22 cm.
700 1 _aNaslin, Pierre.
_984970
700 1 _aMiguel, Juan Antonio de.
_981013
852 _aES-MaACL
_jC-32730
_bR.63693
999 _c42127
_d42127